000 00624nam a22002417a 4500
003 UA-OsUOA
001 30542
007 ta
008 20041111b un ||||| |||| 00| 0 ukr d
100 _aКостюхин Е. А.
090 _a82.09
_bК72
942 _cBK
040 _aUA-OsUOA
_brus
_cUA-OsUOA
_dUA-OsUOA
245 _aАлександр Македонский в литературной и фольклорной традиции
300 _a188 с.
955 _a0
041 _arus
080 _a82.09
260 _aМосква
_bНаука
_c1972
044 _aRU
650 7 _2UDC
999 _c316955
_d316955